| 000 | 00606nam a2200205 a 4500 | ||
|---|---|---|---|
| 001 | 664 | ||
| 003 | CDMR | ||
| 005 | 20131112165637.0 | ||
| 008 | 130130s1981||||||||||||||||||||||||||||d | ||
| 020 | _a8427938640 | ||
| 040 |
_aCDMR _bcat _cCDMR |
||
| 100 | 1 |
_aColl Gilabert, Antonio _9506 |
|
| 245 | 1 | 0 |
_aDe profesión periodista _cAntonio coll gilabert ; prólogo de Carlos Sentís |
| 260 |
_aBarcelona _c1981 _bNoguer |
||
| 490 | 0 | _aEl documento vivo | |
| 650 | 0 | 4 |
_93782 _aPeriodistes _xPràctica professional |
| 650 | 0 | 4 |
_94187 _aPeriodisme _xAnècdotes |
| 700 | 1 |
_9107 _aSentís, Carles _epr. |
|
| 942 |
_cMON _2udc |
||
| 999 |
_c664 _d664 |
||